Slovenská ergonomická spoločnosť - riešime kľúčové problémy v oblasti ergonómie

Vzťah človeka a práce rieši ergonómia. Človek a pracovný proces je spojený s faktorom konkurenčnej schopnosti podnikov. Multidisciplinarita a integrácia vedeckých poznatkov. Základné oblasti problémov súčasnej ergonómie.

Saved in:
Bibliographic Details
Main Author: Dulina, Ľuboslav
Format: Book Chapter
Language:Slovak
Subjects:
Tags: Add Tag
No Tags, Be the first to tag this record!

MARC

LEADER 00000naa a2200000 4500
001 0127191
005 20231129133508.7
041 0 |a slo 
044 |a SK 
245 1 0 |a Slovenská ergonomická spoločnosť - riešime kľúčové problémy v oblasti ergonómie  |c Ľuboslav Dulina 
520 |a Vzťah človeka a práce rieši ergonómia. Človek a pracovný proces je spojený s faktorom konkurenčnej schopnosti podnikov. Multidisciplinarita a integrácia vedeckých poznatkov. Základné oblasti problémov súčasnej ergonómie. 
610 2 0 |a ergonómia 
610 2 0 |a charakter práce 
610 2 0 |a spôsobilosť k práci 
610 2 0 |a náročnosť práce 
610 2 0 |a vplyvy na prácu 
610 2 0 |a zaťaženie pracovné 
610 2 0 |a kultúra práce 
610 2 0 |a procesy podnikové 
610 2 0 |a konkurencia 
100 1 |a Dulina, Ľuboslav